| 000 | 00409nam a2200145 4500 | ||
|---|---|---|---|
| 999 |
_c1579 _d1579 |
||
| 008 | 200127b ||||| |||| 00| 0 eng d | ||
| 082 | 0 | 0 |
_a623.893 _bN1473 |
| 100 |
_91216 _aNagaraja, N. S. |
||
| 245 | 1 | 0 |
_aElements of electronic navigation / _cN. S. Nagaraja |
| 250 | _a1st ed. | ||
| 260 |
_aNew Delhi _bTataMcGraw-Hill _c1975 |
||
| 300 | _aix,139 p. | ||
| 650 | 0 | _aElectronics in Navigation | |
| 942 |
_2ddc _cBK |
||